Statutory homelessness statistics (Record no. 103205)
[ view plain ]
| 000 -LEADER | |
|---|---|
| fixed length control field | 01423cam a2200229 4500 |
| 001 - CONTROL NUMBER | |
| control field | J124334 |
| 008 - FIXED-LENGTH DATA ELEMENTS--GENERAL INFORMATION | |
| fixed length control field | 031114n2012 000 0 eng u |
| 035 ## - SYSTEM CONTROL NUMBER | |
| System control number | (Sirsi) u124334 |
| 041 ## - LANGUAGE CODE | |
| Language code of text/sound track or separate title | eng |
| 050 ## - LIBRARY OF CONGRESS CALL NUMBER | |
| Classification number | 306.82 |
| -- | 18 |
| 110 ## - MAIN ENTRY--CORPORATE NAME | |
| Corporate name or jurisdiction name as entry element | United Kingdom |
| Subordinate unit | Office of the Deputy Prime Minister |
| 245 ## - TITLE STATEMENT | |
| Title | Statutory homelessness statistics |
| Remainder of title | 2000-2012 |
| Medium | [electronic resource] |
| 260 ## - PUBLICATION, DISTRIBUTION, ETC. | |
| Place of publication, distribution, etc. | London |
| Name of publisher, distributor, etc. | DCLG |
| Date of publication, distribution, etc. | 2012 |
| 520 ## - SUMMARY, ETC. | |
| Summary, etc. | Published quarterly, the "Statutory homelessness statistical release" provides statistics for households in England defined as homeless in the 1985 and 1996 Housing Acts. It also contains figures for: the number of households eligible for assistance as a result of unintentional homelessness and falling within a priority need group; reason for loss of last settled home; households in temporary accommodation; and type of temporary accommodation. |
| 650 ## - SUBJECT ADDED ENTRY--TOPICAL TERM | |
| Topical term or geographic name entry element | HOUSING STATISTICS |
| 650 ## - SUBJECT ADDED ENTRY--TOPICAL TERM | |
| Topical term or geographic name entry element | HOMELESSNESS |
| 650 ## - SUBJECT ADDED ENTRY--TOPICAL TERM | |
| Topical term or geographic name entry element | TEMPORARY ACCOMMODATION |
| 690 ## - LOCAL SUBJECT ADDED ENTRY--TOPICAL TERM (OCLC, RLIN) | |
| Topical term or geographic name as entry element | Affordable housing |
| 9 (RLIN) | 6215 |
| 856 40 - ELECTRONIC LOCATION AND ACCESS | |
| Processor of request | ttps://web.archive.org/web/20121114060820/http://www.communities.gov.uk/housing/housingresearch/housingstatistics/housingstatisticsby/homelessnessstatistics/publicationshomelessness/ |
| Public note | View the homelessness statistics 2000-2012 at www.communities.gov.uk |
| 856 40 - ELECTRONIC LOCATION AND ACCESS | |
| Uniform Resource Identifier | <a href="https://www.gov.uk/government/collections/homelessness-statistics">https://www.gov.uk/government/collections/homelessness-statistics</a> |
| Public note | View the homelessness statistics at www.gov.uk |
| 942 ## - ADDED ENTRY ELEMENTS (KOHA) | |
| Suppress in OPAC | 0 |
| Withdrawn status | Lost status | Source of classification or shelving scheme | Damaged status | Not for loan | Home library | Current library | Shelving location | Date acquired | Total Checkouts | Full call number | Barcode | Date last seen | Copy number | Price effective from | Koha item type |
|---|---|---|---|---|---|---|---|---|---|---|---|---|---|---|---|
| Dewey Decimal Classification | Virtual | Virtual | Online | 17/11/2003 | ONLINE PUBLICATION | 124334-2001 | 06/08/2019 | 1 | 06/08/2019 | Book |